00432mam a2200145 a 4500020001500000082001200015100002700027245002400054250001200078260003700090300009200127500002000219650002400239700002300263 a071672721800a547 VOL1 aVollhardt, K. Peter C.10aOrganic chemistry : a3rd ed. aNew York :bW.H. Freeman,c1998. a1 v. (various pagings) :bill. (some col.) ;e1 computer laser optical disc (4 3/4 in.) aIncludes index. 0aChemistry, Organic.1 aSchore, Neil Eric,